[Event "GER-chT U14 Girls"]
[Site "Dittrichshuette"]
[Date "2005.12.28"]
[Round "4.2"]
[White "Barthold, Kristina"]
[Black "Schultheiss, Vera"]
[Result "1/2-1/2"]
[WhiteElo "1309"]
[BlackElo "1150"]
[PlyCount "56"]
[EventDate "2005.12.27"]
[EventType "team-swiss"]
[EventRounds "6"]
[EventCountry "GER"]
[SourceTitle "CBM 110 Extra"]
[Source "ChessBase"]
[SourceDate "2006.03.10"]
[SourceVersion "2"]
[SourceVersionDate "2006.03.10"]
[SourceQuality "1"]
[WhiteTeam "Kronach U14 Girls"]
[BlackTeam "Rossdorf SC Ladja U14 Girls"]
[WhiteTeamCountry "GER"]
[BlackTeamCountry "GER"]

1. e4 e6 2. d4 d5 3. exd5 exd5 4. Nc3 Bb4 5. Bd2 Nf6 6. Nf3 Bf5 7. a3 Bxc3 8. Bxc3 Bg4 9. Be2 Qe7 10. 0-0 Nc6 11. Re1 0-0 12. Bb5 Bxf3 13. Qxf3 Qd6 14. Bxc6 Qxc6 15. Rac1 Rfe8 16. Rxe8+ Rxe8 17. Bd2 Qe6 18. h3 Ne4 19. Bf4 c6 20. Re1 Ng5 21. Qe3 Qxe3 22. fxe3 Ne4 23. Rc1 f5 24. c4 Rd8 25. c5 a6 26. b4 Ra8 27. Rb1 Kf7 28. a4 g6 1/2-1/2